[Event "SRB-chT 1st League Women 2018"]
[Site "Zajecar"]
[Date "2018.09.01"]
[Round "2"]
[White "Milutinovic, Stefana"]
[Black "Nestorovic, Katarina"]
[Result "1/2-1/2"]
[WhiteElo "2149"]
[BlackElo "1975"]
[Annotator "TA"]
[PlyCount "31"]
[EventDate "2018.08.31"]
[EventType "team-tourn"]
[EventCountry "SRB"]
[SourceTitle "playchess.com"]
[Source "ChessBase"]
[SourceQuality "1"]

{[%evp 9,31,38,45,0,45,-10,0,-20,27,-24,54,-9,58,0,103,13,1193,126,1220,234,1219,0,1195,58]} 1. d4 Nf6 2. c4 e6 3. a3 c5 4. d5 d6 5. Nc3 exd5 6. Nxd5 $146 {E00: Catalan Bogo-Indian (3 g3 Bb4+)} ({Predecessor:} 6. cxd5 g6 7. Qd3 Bg7 8. Qe3+ Kf8 9. Qd3 a6 10. a4 Nbd7 11. Nf3 Ng4 12. Nd2 {0-1 (54) Kudischewitsch,D (2334)-Gajewski,G (2646) Jerusalem 2015}) 6... Be7 7. Nf3 (7. Nxe7 $14 Kxe7 8. Nf3) 7... O-O 8. g3 {The position is equal.} Bg4 9. Bg2 (9. Ne3 $142) 9... Nbd7 ({Better is} 9... Nxd5 $11 10. cxd5 Nd7) 10. O-O (10. Ne3 $14) 10... a6 ({Black should try} 10... Nxd5 $11 11. cxd5 Re8) 11. a4 (11. h3 $14 Bf5 12. Nh4) 11... b6 (11... Nxd5 $11 12. Qxd5 Qc7) 12. Nd2 (12. Nxe7+ $16 Qxe7 13. Bf4) 12... Qc7 $2 {[%mdl 8192] [#]} (12... Nxd5 $11 13. cxd5 Bh5) 13. h3 $2 (13. Nxc7 $18 Ra7 14. Nd5 Nxd5 15. cxd5) 13... Bh5 $2 {[%mdl 8192]} (13... Nxd5 $16 14. hxg4 Nb4) 14. g4 $2 (14. Nxc7 Ra7 15. Nd5 Nxd5 16. cxd5) 14... Bg6 $2 (14... Nxd5 15. Bxd5 (15. gxh5 Nb4 $14) 15... Bg6) 15. e4 $2 (15. Nxc7 $18 Ra7 16. Nd5 Nxd5 17. cxd5) 15... Rab8 $2 {[%mdl 8192]} (15... Nxd5 $11 16. cxd5 c4) 16. Qe2 $2 {Precision: White =  0%, Black =  0%.} (16. Nxc7 $18 Rb7 17. Nd5 Nxd5 18. cxd5) 1/2-1/2

[Event "SRB-chT 1st League Women 2018"]
[Site "Zajecar"]
[Date "2018.09.01"]
[Round "2"]
[White "Ostojic, Katarina"]
[Black "Injac, Teodora"]
[Result "0-1"]
[WhiteElo "2134"]
[BlackElo "2241"]
[Annotator "TA"]
[PlyCount "122"]
[EventDate "2018.08.31"]
[EventType "team-tourn"]
[EventCountry "SRB"]
[SourceTitle "playchess.com"]
[Source "ChessBase"]
[SourceQuality "1"]

{[%evp 23,122,0,0,-13,-15,-8,-11,-10,-8,-75,-72,-165,-177,-160,-168,-165,-164,-214,-215,-212,-215,-219,-193,-221,-199,-212,-209,-259,-52,-97,-95,-91,-64,-72,-73,-56,-61,-268,-266,-237,-204,-291,-285,-343,-219,-521,-512,-739,-370,-302,-279,-789,-746,-897,-828,-891,-877,-29961,-29963,-5402,-1958,-866,-623,-607,-608,-608,-608,-666,-666,-656,-651,-666,-666,-664,-664,-649,-641,-633,-535,-535,-535,-616,-606,-573,-522,-664,-660,-636,-641,-4758,-4742,-3875,-1985,-1686,-2532,-1496,-1320,-29977,-29977,-29975,-29975]} 1. e4 c5 2. Nf3 d6 3. Bb5+ Nd7 4. O-O a6 5. Bxd7+ Bxd7 6. d4 cxd4 7. Qxd4 e5 8. Qd3 Rc8 {B51: Sicilian: Moscow Variation (3 Bb5+) without 3...Bd7} 9. c4 b5 10. Na3 Qb6 11. cxb5 axb5 12. Be3 Qb7 {LiveBook: 4 Games} 13. Rac1 Rxc1 14. Rxc1 Nf6 {[%cal Bg8f6,Bf6g4,Bg4e3][%mdl 32]} 15. Nd2 $1 Be7 {[#]} 16. f3 $146 (16. Bg5 $11 {remains equal.}) ({Predecessor:} 16. Bg5) 16... O-O $17 17. Bg5 (17. Nb3 $17) 17... Ng4 $1 $19 18. Be3 (18. Bxe7 {is a self mate.} Qb6+ 19. Qd4 Qxd4+ 20. Kh1 Nf2+ 21. Kg1 Nh3+ 22. Kh1 Qg1+ $1 {[%mdl 512]} 23. Rxg1 Nf2#) 18... Nxe3 19. Qxe3 Ra8 20. Qb3 Qb6+ 21. Kh1 Bg5 22. Qd5 Rb8 23. Rd1 Be6 24. Qd3 h5 25. Nb3 Rd8 $2 ({Better is} 25... Ra8 $19 {aiming for ...Qf2.} 26. Ra1 h4) 26. Qxb5 {[#]} Qf2 $1 {[%cal Rf2b2]} 27. Rb1 h4 $40 {[%mdl 1152] Black has strong compensation. Black is up to no good.} 28. Qf1 Qb6 29. Nc4 Qc7 30. Ncd2 $2 {[#]} (30. Nbd2 $1 $15) 30... h3 $1 {[%mdl 512]} 31. gxh3 Qc2 32. Qd1 (32. Qg2 $142 Bh6 33. Rg1) 32... Rc8 33. Qe1 Qd3 34. Rc1 $2 (34. Qf1 {was the crucial defense.} Qc2 35. Qe1) 34... Rxc1 35. Qxc1 Bf4 36. Qf1 Qc2 {Hoping for ...Bxb3.} 37. Qg2 $2 (37. Qb1 Bxb3 38. Qxc2 Bxc2 39. Nc4) 37... Qxb2 38. Nf1 Qb1 {( -> ...Bc4)} 39. Na5 Qe1 40. Nc6 Bc4 41. Ne7+ Kf8 (41... Kh7 $142 42. Nf5 g6) 42. Nf5 Qxf1+ 43. Qxf1 Bxf1 44. h4 g6 45. Nxd6 Ke7 46. Nc8+ Kd7 47. Nb6+ Kc6 48. Nd5 Bc4 49. Nf6 Kd6 50. a4 Ke7 51. Ng4 Ke6 52. Kg2 Bd2 53. Nf2 Be1 54. Nd1 Bxh4 55. Ne3 Bd3 56. Kh3 Bf2 57. Nd5 f5 {[%cal Rd3f1,Bf7f5,Bf5e4,Be4f3][%mdl 32]} 58. Kg2 fxe4 59. Nc7+ Kd7 60. Kxf2 Kxc7 61. Ke3 exf3 {Precision: White = 27%, Black = 75%.} 0-1

[Event "SRB-chT 1st League Women 2018"]
[Site "Zajecar"]
[Date "2018.09.01"]
[Round "2"]
[White "Arsovic, Jelena"]
[Black "Benderac, Ana"]
[Result "1/2-1/2"]
[WhiteElo "2034"]
[BlackElo "2239"]
[Annotator "TA"]
[PlyCount "186"]
[EventDate "2018.08.31"]
[EventType "team-tourn"]
[EventCountry "SRB"]
[SourceTitle "playchess.com"]
[Source "ChessBase"]
[SourceQuality "1"]

{[%evp 14,186,-12,-13,-16,-20,-18,-23,-17,-23,-9,-6,-12,-9,0,-3,-11,-27,0,-22,0,-15,10,0,84,32,55,50,220,16,32,0,203,4,10,7,16,-3,0,0,0,-14,0,0,0,12,29,0,58,24,81,52,57,-37,0,0,0,0,0,-12,-4,-50,-45,-53,-46,-79,-64,-90,-53,-55,-50,-66,-67,-77,-72,-116,-116,-173,-145,-196,-209,-197,-195,-245,-97,-141,0,-19,-19,-19,-19,-19,0,0,0,0,0,0,0,0,0,0,0,0,0,0,0,0,0,0,0,0,0,0,0,0,0,0,0,0,0,0,0,0,0,0,0,0,0,0,0,0,0,0,0,0,0,0,0,0,0,0,0,0,0,0,0,0,0,0,0,0,0,0,0,0,0,0,0,0,0,0,0,0,0,0,9,9,9,9,9,8,8,0,0]} 1. e4 e5 2. Bc4 Nc6 3. Nf3 Bc5 4. c3 Nf6 5. d3 d6 6. O-O O-O 7. Be3 Bxe3 8. fxe3 Ne7 {C54: Giuoco Piano: 4 c3 Nf6, main lines with 5 d4 and 5 d3} 9. Nbd2 c6 10. Bb3 Ng6 {Black has an edge.} 11. Qe1 $146 ({Predecessor:} 11. d4 Qe7 12. Qe2 Bd7 13. Rae1 Rae8 14. Qf2 Ng4 15. Qg3 Kh8 16. h3 {½-½ (37) Csonka,A (2349)-Nomin Erdene,D (2363) Mosonmagyarovar 2017}) 11... Qe7 12. Nh4 Nxh4 13. Qxh4 Be6 14. Bxe6 Qxe6 15. Rf5 h6 16. a3 Nh7 17. Qg3 Rfe8 18. Raf1 b5 (18... f6 $11) 19. Nf3 ({White should try} 19. Rxf7 $16 Qxf7 20. Rxf7 Kxf7 21. Nf3) 19... Qd7 20. Nh4 $1 Re6 $2 (20... f6 $14) 21. Qg4 $2 ({White must play} 21. Rxf7 $18 Qxf7 22. Rxf7 Kxf7 23. Nf5) 21... Rf6 22. Qg3 $2 (22. d4 $14) 22... Re6 $18 23. R5f2 $2 (23. Rxf7 $18 Qxf7 24. Rxf7 Kxf7 25. Nf5) 23... Ng5 $11 24. Qg4 {And now Nf5 would win.} Rd8 25. Rf5 d5 26. exd5 cxd5 27. Qg3 Qe7 28. R5f2 g6 29. Nf3 Nxf3+ 30. Rxf3 Rdd6 ({Black should play} 30... Rf8 $11) 31. d4 e4 (31... exd4 $11 32. Rxf7 (32. exd4 Kg7 $14) 32... Qxf7 33. Rxf7 Kxf7) 32. Rf4 Kg7 33. Qf2 (33. Rxf7+ $14 Qxf7 34. Rxf7+ Kxf7 35. Qf4+ Kg7 36. h3) 33... f6 (33... Rf6 {keeps more tension.} 34. Ra1 h5 35. Qg3 Rxf4 36. Qxf4 Re6) 34. Qe2 Rb6 35. Qf2 a5 36. Qd2 Rec6 37. R4f2 h5 {[%cal Bh6h5,Bh5h4][%mdl 32]} 38. h3 Qc7 39. Qd1 Qg3 40. Qe1 h4 41. Rf4 Qxe1 42. Rxe1 $15 {[%mdl 4096] Endgame KRR-KRR} b4 43. cxb4 axb4 44. axb4 Rxb4 45. Re2 (45. Rxh4 $17 Rxb2 46. Rg4) 45... Rc1+ $19 46. Rf1 (46. Kh2 $17 {was called for.}) 46... Rxf1+ 47. Kxf1 {KR-KR} Rb3 48. Ke1 Rd3 (48... f5 $19 {is more deadly.} 49. Kd1 f4 $1 {[%mdl 512]}) 49. Kf2 $17 {[#]} g5 (49... f5 $1 $17 50. b4 Rb3) 50. Rc2 $11 {The position is equal.} Rb3 51. Rc5 Rxb2+ 52. Kf1 $1 f5 53. Rxd5 Kf6 54. Rd8 Rb1+ 55. Kf2 Rb2+ 56. Kf1 Rb7 57. Rf8+ Ke6 58. Rg8 Kf6 59. Rf8+ Rf7 60. Re8 Kg6 61. Rg8+ Kh6 62. Ke2 Ra7 63. Re8 Ra2+ 64. Kf1 Ra5 65. Ke2 Kg6 66. Rg8+ Kf6 67. Rf8+ Kg7 68. Re8 Kf7 69. Rh8 Rb5 70. Rh6 Rb2+ 71. Kf1 Kg7 72. Re6 Rb7 73. Kf2 Kf7 74. Rh6 {Threatens to win with Rh7+.} Rb8 75. Ke2 Re8 76. Ra6 Re6 77. Ra7+ Re7 78. Ra5 Kf6 79. Ra6+ Re6 80. Ra8 Rb6 81. Rf8+ Ke6 82. Rg8 {Strongly threatening Rg6+.} Kf6 (82... Rb2+ {with more complications.} 83. Kf1 Kd5 84. Rc8 Rb5 85. Ke2 f4) 83. Rf8+ Kg6 84. Re8 Kf7 85. Rh8 Rg6 86. Kf2 Rf6 87. Rh7+ Ke6 88. Rh5 Rg6 89. Rh8 f4 90. Re8+ Kd5 91. Re5+ Kc4 {Hoping for ...Kd3.} 92. Rxe4 Kd3 93. Re8 fxe3+ {Precision: White = 54%, Black = 53%.} 1/2-1/2

[Event "SRB-chT 1st League Women 2018"]
[Site "Zajecar"]
[Date "2018.09.01"]
[Round "2"]
[White "Tomin, Ksenija"]
[Black "Zarkovic, Mila"]
[Result "0-1"]
[WhiteElo "2006"]
[BlackElo "2185"]
[Annotator "TA"]
[PlyCount "27"]
[EventDate "2018.08.31"]
[EventType "team-tourn"]
[EventCountry "SRB"]
[SourceTitle "playchess.com"]
[Source "ChessBase"]
[SourceQuality "1"]

{[%evp 15,27,12,21,-53,-44,-68,-68,-61,-62,-83,-73,-277,-279,-277]} 1. e4 {[%cal Be2e4,Be4e5][%mdl 32]} c5 2. Nf3 d6 {[%cal Bd7d6,Bd6d5][%mdl 32]} 3. c3 Nf6 {[%cal Bg8f6,Bf6d7,Bd7c5,Bc5d3][%mdl 32]} 4. h3 Nc6 5. Bd3 d5 6. e5 {B50: Sicilian: 2...d6, Miscellaneous} c4 7. Bc2 Nd7 8. Qe2 Qc7 {[%cal Rc6e5] LiveBook: 17 Games} 9. Ba4 (9. e6 $1 $11 fxe6 10. b3) (9. e6 fxe6 10. b3 Nde5 11. Na3 Nxf3+ 12. Qxf3 Qe5+ 13. Kd1 cxb3 14. axb3 Bd7 15. Re1 Qf6 16. Qg3 e5 17. Nb5 Kd8 18. d4 Nxd4 19. Nxa7 Nxc2 20. Nc6+ {1-0 (20) Andreikin,D (2743)-Volokitin,A (2624) Almaty 2016}) 9... g6 10. b3 Nc5 11. Bxc6+ bxc6 12. bxc4 Bf5 {[#] White must now prevent ...Nd3+.} 13. Ba3 $146 (13. O-O $17) ({Predecessor:} 13. O-O Bd3 14. Qe3 Bxf1 15. Kxf1 {0-1 (100) Pham Thi Ngoc,T (2083)-Tan,W (2246) Ho Chi Minh City 2011}) 13... Nd3+ $19 14. Kf1 0-1

[Event "SRB-chT 1st League Women 2018"]
[Site "Zajecar"]
[Date "2018.09.01"]
[Round "2"]
[White "Petrovic, Danijela"]
[Black "Gaponenko, Inna"]
[Result "0-1"]
[WhiteElo "1996"]
[BlackElo "2410"]
[Annotator "TA"]
[PlyCount "28"]
[EventDate "2018.08.31"]
[EventType "team-tourn"]
[EventCountry "SRB"]
[SourceTitle "playchess.com"]
[Source "ChessBase"]
[SourceQuality "1"]

{[%evp 9,28,-35,-14,-16,-13,-18,-18,-42,-29,-50,-57,-76,-85,-273,-102,-459,-439,-447,-455,-606,-576]} 1. e4 c5 2. Nf3 g6 3. Qe2 (3. c3 Bg7 4. d4 cxd4 5. cxd4 d5 6. e5 Nc6 7. Bb5 Nh6 8. O-O O-O 9. h3 f6 10. exf6 exf6 11. Nc3 Nf7 12. Re1 Qd6 13. Be3 Bf5 14. Rc1 Rac8 {0-1 (46) Grischuk,A (2772)-Mamedov,R (2709) Huaian 2017}) 3... Bg7 4. g3 Nc6 5. Bg2 d6 6. c3 {B27: Sicilian: 2 Nf3, unusual Black 2nd moves} e5 7. d3 Nge7 8. Be3 {The position is equal.} h6 9. O-O O-O 10. Rd1 $146 ({Predecessor:} 10. Qd2 Kh7 {0-1 (29) Suc,T (2025)-Rotoni,M (2180) Paracin 2011}) 10... f5 ({Of course not} 10... Bg4 $6 11. h3 $11) 11. d4 $2 (11. exf5 $17 Bxf5 12. a3) 11... fxe4 $2 {[#]} (11... cxd4 $19 12. cxd4 fxe4 13. Nxe5 dxe5 14. dxe5 Qa5 15. Qc4+ Kh7) 12. Ne1 $2 {[%mdl 8192]} (12. Nxe5 $1 $17 {[%mdl 512] was the crucial defense.} dxe5 (12... Nxe5 13. dxe5) 13. dxc5) 12... exd4 {Black is clearly winning.} 13. cxd4 cxd4 14. Bxd4 Bxd4 {Precision: White =  5%, Black = 52%.} 0-1

[Event "SRB-chT 1st League Women 2018"]
[Site "Zajecar"]
[Date "2018.09.02"]
[Round "3"]
[White "Atalik, Ekaterina"]
[Black "Bojkovic, Natasa"]
[Result "1-0"]
[WhiteElo "2447"]
[BlackElo "2384"]
[Annotator "TA"]
[PlyCount "89"]
[EventDate "2018.08.31"]
[EventType "team-tourn"]
[EventCountry "SRB"]
[SourceTitle "playchess.com"]
[Source "ChessBase"]
[SourceQuality "1"]

{[%evp 23,89,17,27,2,28,23,37,21,28,28,38,1,2,0,-16,-11,83,72,75,51,75,71,109,112,97,88,88,88,151,163,159,93,93,93,171,103,101,79,182,176,173,172,173,56,269,275,312,300,328,275,636,629,785,754,716,627,965,938,730,935,949,920,943,926,1037,969,1036,1025]} 1. d4 Nf6 2. c4 e6 3. Nf3 Bb4+ 4. Nbd2 b6 5. a3 Bxd2+ 6. Qxd2 Bb7 7. e3 O-O 8. Be2 d6 9. b4 a5 10. b5 Nbd7 11. Bb2 Ne4 {E14: Queen's Indian: Classical Variation (4 e3)} (11... Qe7 12. a4 Ne4 13. Qc2 f5 14. Rd1 Ng5 15. d5 Nxf3+ 16. Bxf3 e5 17. O-O Nc5 18. g3 Rae8 19. Bh5 {½-½ (68) Anton Guijarro,D (2653)-Ghaem Maghami,E (2523) Dubai 2018}) 12. Qc2 f5 {LiveBook: 8 Games} 13. Rd1 Qe7 {The position is equal.} 14. O-O {[%cal Bh1f1,Bf1f2,Bf2e2][%mdl 32]} Rae8 15. Ne1 Qg5 $146 ({Predecessor:} 15... Qh4 16. f3 Ng5 17. Nd3 Nf6 18. Nf4 Nf7 19. d5 {1-0 (51) Ludwig,D (2479)-Jovanovic,D (2402) Budapest 2013}) 16. Bc1 Qe7 17. f3 Nef6 18. Bb2 e5 19. Rf2 exd4 (19... e4 $11) 20. exd4 $16 Nh5 21. Bf1 Qg5 22. Nd3 Nf4 23. Nxf4 Qxf4 24. Re2 Qg5 25. Rde1 Rxe2 ({Black should play} 25... Nf6) 26. Qxe2 (26. Bxe2 $6 Re8 $11) 26... Qf6 {[#]} 27. Qd2 (27. c5 $142 $1 {[%mdl 512]} Bd5 (27... bxc5 28. dxc5) 28. c6) 27... Qf7 28. Bd3 {[%cal Bf1d3,Bd3b1,Bb1f5][%mdl 32]} f4 (28... Bc8 $16 {is a better defense.}) 29. d5 (29. Re2 $18) 29... Nc5 30. Bb1 {Qc2 is the strong threat.} Re8 (30... Bc8 $16) 31. Rxe8+ Qxe8 32. Kf1 Qf7 33. Qd4 $40 {[%mdl 128] White attacks.} ({Better is} 33. Qe1 $18) 33... Nd7 $2 {[#]} (33... Bc8 $1 $14) 34. Bf5 $1 $18 {[%cal Rf5e6][%mdl 512] Threatens to win with Be6.} Nf8 (34... Qxf5 35. Qxg7#) 35. h4 {[%cal Bh2h4,Bh4h5][%mdl 32]} (35. Qxf4 Bc8 $16) 35... h6 36. h5 ({Not} 36. Qxf4 Bc8 $16) 36... Qe7 $2 (36... Ba8 37. Bc3 (37. Qxf4 Qxh5 38. Kf2 Bb7 $18) 37... Bb7) 37. Qxf4 {White is clearly winning.} Qf7 {and the idea ...Bc8 leaves Black hopeful.} 38. Qd4 Qe7 39. Qe4 Qxe4 40. fxe4 {KBB-KBN} Nh7 41. e5 Ng5 42. exd6 cxd6 43. Bd4 Nf7 44. Ke2 Kf8 45. Kd3 {Precision: White = 60%, Black = 37%.} 1-0

[Event "SRB-chT 1st League Women 2018"]
[Site "Zajecar"]
[Date "2018.09.02"]
[Round "3"]
[White "Gaponenko, Inna"]
[Black "Injac, Teodora"]
[Result "1/2-1/2"]
[WhiteElo "2410"]
[BlackElo "2241"]
[Annotator "TA"]
[PlyCount "28"]
[EventDate "2018.08.31"]
[EventType "team-tourn"]
[EventCountry "SRB"]
[SourceTitle "playchess.com"]
[Source "ChessBase"]
[SourceQuality "1"]

{[%evp 15,28,-22,0,0,0,-25,0,0,0,0,0,-4,0,0,0]} 1. d4 Nf6 2. Nc3 d5 3. Bf4 e6 4. Nb5 Na6 5. e3 c6 {[%cal Bc7c6,Bc6c5][%mdl 32]} 6. Nc3 {D00: 1 d4 d5: Unusual lines} Be7 (6... Nc7 7. Nf3 Bd6 8. Ne5 O-O 9. Qf3 Bb4 10. Bd3 Nb5 11. O-O Nxc3 12. bxc3 Bxc3 {0-1 (33) Jobava,B (2690)-Anand,V (2782) Riadh 2017}) 7. a3 O-O 8. Nf3 c5 {LiveBook: 4 Games} 9. h4 $146 ({Predecessor:} 9. Bd3 Bd7 10. O-O c4 11. Be2 b5 {1-0 (41) Bortnyk,O (2552)-Zhigalko,S (2655) Minsk 2015}) 9... Nb8 10. Nb5 Nc6 11. Nc7 {The position is equal.} Rb8 {With the idea ...cxd4.} 12. Nb5 $1 {Threatens to win with Bc7.} Ra8 13. Nc7 Rb8 14. Nb5 {Bc7 is the strong threat.} Ra8 1/2-1/2

[Event "SRB-chT 1st League Women 2018"]
[Site "Zajecar"]
[Date "2018.09.02"]
[Round "3"]
[White "Eric, Jovana"]
[Black "Chelushkina, Irina"]
[Result "0-1"]
[WhiteElo "2261"]
[BlackElo "2280"]
[Annotator "NA"]
[PlyCount "40"]
[EventDate "2018.08.31"]
[EventType "team-tourn"]
[EventCountry "SRB"]
[SourceTitle "playchess.com"]
[Source "ChessBase"]
[SourceQuality "1"]
[TimeControl "40/5400+30:1800+30"]

{[%evp 18,40,25,32767,32767,0,32767,32767,32767,32767,32767,32767,-99,-113,-89,-118,-107,-324,-383,-327,-409,-391,32767,-547,-540]} 1. e4 {[%emt 0:00:00]} e6 {[%emt 0:00:00]} 2. d4 {[%emt 0:00:00]} d5 {[%emt 0:00:11]} 3. Nc3 {[%emt 0:00:06]} Bb4 {[%emt 0:00:40]} 4. Nge2 {[%emt 0:02:57]} dxe4 {[%emt 0:05:05]} 5. a3 {[%emt 0:00:30]} Be7 {[%emt 0:02:11]} 6. Nxe4 {[%emt 0:00:21]} f5 {[%emt 0:04:12] C15: French: 3 Nc3 Bb4: Unusual White 4th moves} (6... Nf6 7. Nxf6+ Bxf6 8. Be3 O-O 9. Qd2 b6 10. O-O-O Bb7 11. h4 Nd7 12. Nf4 Be7 13. h5 Nf6 14. f3 Qc8 15. Qf2 Rd8 {0-1 (33) Jobava,B (2703)-Ivanchuk,V (2757) Leuven 2017}) 7. N4c3 {[%emt 0:04:32]} Nf6 {[%emt 0:01:06]} 8. Nf4 {[%emt 0:05:40]} Nc6 {[%emt 0:08:59]} 9. Bb5 $146 {[%emt 0:04:24]} ({Predecessor:} 9. Be3 g5 10. Nh5 f4 11. Nxf6+ Bxf6 12. Qh5+ Ke7 13. d5 fxe3 14. O-O-O {0-1 (60) Andreeva,E (1978)-Dogodkina,J (2070) Ivanovo 2011}) 9... O-O {[%emt 0:00:16]} 10. Bxc6 {[%emt 0:04:27]} bxc6 {[%emt 0:00:04]} 11. O-O {[%emt 0:00:32]} c5 {[%emt 0:03:41]} 12. Qf3 {[%emt 0:17:57]} Rb8 {[%emt 0:01:07]} 13. dxc5 {[%emt 0:01:16]} Bxc5 {[%emt 0:00:28]} 14. Be3 {[%emt 0:03:46] [#]} Bd6 $1 {[%emt 0:03:51]} 15. Bxa7 {[%emt 0:28:44]} Rxb2 {[%emt 0:00:46]} 16. Nd3 {[%emt 0:01:02]} Rxc2 {[%emt 0:14:17]} 17. Nb4 $2 {[%emt 0:06:56] [#]} (17. Nb5 $17 {might work better.}) 17... Bb7 $1 {[%emt 0:04:31]} 18. Qh3 {[%emt 0:04:47] [#]} Rxc3 $19 {[%emt 0:04:53]} 19. Qxc3 {[%emt 0:00:07]} Qa8 {[%emt 0:00:02]} 20. Bc5 {[%emt 0:02:36]} (20. Bd4 {was called for.} Bxg2 21. Rfe1) 20... Ne4 0-1

[Event "SRB-chT 1st League Women 2018"]
[Site "Zajecar"]
[Date "2018.09.02"]
[Round "3"]
[White "Benderac, Ana"]
[Black "Blagojevic, Tijana"]
[Result "1-0"]
[WhiteElo "2239"]
[BlackElo "2232"]
[Annotator "ChessBase"]
[PlyCount "151"]
[EventDate "2018.08.31"]
[EventType "team-tourn"]
[EventCountry "SRB"]
[SourceTitle "playchess.com"]
[Source "ChessBase"]
[SourceQuality "1"]
[TimeControl "40/5400+30:1800+30"]

1. d4 {[%emt 0:00:00]} d5 {[%emt 0:00:00]} 2. c4 {[%emt 0:00:00]} c6 {[%emt 0:00:00]} 3. Nc3 {[%emt 0:00:14]} Nf6 {[%emt 0:00:00]} 4. Nf3 {[%emt 0:01:08]} e6 {[%emt 0:00:05]} 5. e3 {[%emt 0:01:24]} Nbd7 {[%emt 0:00:29]} 6. Qc2 {[%emt 0:01:30]} Bd6 {[%emt 0:03:39]} 7. Bd3 {[%emt 0:06:02]} dxc4 {[%emt 0:01:17]} 8. Bxc4 {[%emt 0:00:08]} b5 {[%emt 0:00:51]} 9. Be2 {[%emt 0:01:22]} O-O {[%emt 0:03:41]} 10. O-O {[%emt 0:00:22]} Bb7 {[%emt 0:03:46]} 11. Rd1 {[%emt 0:00:39]} Qc7 {[%emt 0:04:32]} 12. Bd2 {[%emt 0:03:20]} b4 {[%emt 0:07:56]} 13. Ne4 {[%emt 0:16:07]} Nxe4 14. Qxe4 c5 {[%emt 0:12:00]} 15. Qh4 {[%emt 0:01:15]} c4 {[%emt 0:10:19]} 16. Rac1 {[%emt 0:04:35]} Nb6 {[%emt 0:03:06]} 17. Ne5 {[%emt 0:15:45]} Bxe5 {[%emt 0:04:05]} 18. dxe5 {[%emt 0:01:35]} a5 {[%emt 0:01:18]} 19. a3 {[%emt 0:12:33]} bxa3 {[%emt 0:11:24]} 20. bxa3 {[%emt 0:13:20]} Rfc8 {[%emt 0:07:55]} 21. Bc3 {[%emt 0:02:09]} Nd5 {[%emt 0:02:16]} 22. Bd4 {[%emt 0:01:35]} Ba6 {[%emt 0:00:10]} 23. Bf3 {[%emt 0:02:02]} Rab8 {[%emt 0:01:12]} 24. Be4 {[%emt 0:01:37]} h6 {[%emt 0:00:13]} 25. Bxd5 {[%emt 0:01:17]} exd5 {[%emt 0:00:04]} 26. Bc3 {[%emt 0:00:29]} Rb5 {[%emt 0:04:03]} 27. a4 {[%emt 0:01:07]} Rb3 {[%emt 0:01:15]} 28. Rxd5 {[%emt 0:02:40]} Rcb8 {[%emt 0:00:51]} 29. Qd4 {[%emt 0:04:11]} Rb1 {[%emt 0:01:00]} 30. Rd1 {[%emt 0:00:30]} Rxd1+ {[%emt 0:08:51]} 31. Qxd1 {[%emt 0:00:01]} Rb3 {[%emt 0:00:20]} 32. Rd8+ {[%emt 0:04:02]} Kh7 {[%emt 0:00:04]} 33. Qc2+ {[%emt 0:00:03]} g6 {[%emt 0:00:08]} 34. Rd1 {[%emt 0:00:20]} Bc8 {[%emt 0:00:58]} 35. e6 {[%emt 0:02:16]} Bxe6 {[%emt 0:00:06]} 36. Qd2 {[%emt 0:00:47]} Qd7 {[%emt 0:01:14]} 37. Qe1 {[%emt 0:00:33]} Qb7 {[%emt 0:04:02]} 38. f3 {[%emt 0:00:39]} Qe7 {[%emt 0:03:17]} 39. Qd2 {[%emt 0:01:03]} Qc5 {[%emt 0:00:42]} 40. Kf2 {[%emt 0:00:29]} Qa3 {[%emt 0:01:19]} 41. Rc1 {[%emt 0:00:17]} Qc5 {[%emt 0:01:23]} 42. Bxa5 {[%emt 0:11:09]} Qd5 {[%emt 0:06:57]} 43. Qxd5 {[%emt 0:00:47]} Bxd5 {[%emt 0:00:44]} 44. Bc3 {[%emt 0:04:07]} f5 {[%emt 0:06:39]} 45. a5 {[%emt 0:00:24]} Kg8 {[%emt 0:00:36]} 46. Bd4 {[%emt 0:05:24]} Ra3 {[%emt 0:00:36]} 47. Ra1 {[%emt 0:01:52]} Rxa1 {[%emt 0:00:13]} 48. Bxa1 {[%emt 0:00:01]} Bb7 {[%emt 0:02:54]} 49. Ke2 {[%emt 0:00:15]} Kf7 {[%emt 0:00:33]} 50. Kd2 {[%emt 0:00:03]} Ke6 {[%emt 0:00:20]} 51. Kc3 {[%emt 0:00:05]} Kd5 {[%emt 0:00:09]} 52. Kb4 {[%emt 0:00:15]} Ba6 {[%emt 0:00:20]} 53. Bg7 {[%emt 0:04:58]} h5 {[%emt 0:00:53]} 54. h4 {[%emt 0:01:08]} c3 {[%emt 0:06:33]} 55. Kxc3 {[%emt 0:01:31]} Bf1 {[%emt 0:00:03]} 56. Kd2 {[%emt 0:02:25]} Bxg2 {[%emt 0:00:43]} 57. Ke2 {[%emt 0:00:15]} Kc6 {[%emt 0:01:43]} 58. Bc3 {[%emt 0:01:20]} Kd5 {[%emt 0:00:38]} 59. a6 {[%emt 0:00:38]} Kc6 {[%emt 0:00:21]} 60. Bd4 {[%emt 0:00:36]} Bh3 {[%emt 0:05:38]} 61. a7 {[%emt 0:00:46]} Kb7 {[%emt 0:00:12]} 62. Bc5 {[%emt 0:02:22]} Ka8 {[%emt 0:02:57]} 63. Kd3 {[%emt 0:00:30]} Bg2 {[%emt 0:00:19]} 64. Ke2 {[%emt 0:00:36]} Bh3 {[%emt 0:00:06]} 65. e4 {[%emt 0:00:15]} fxe4 {[%emt 0:00:24]} 66. fxe4 {[%emt 0:00:04]} Bg2 {[%emt 0:00:08]} 67. Ke3 {[%emt 0:00:11]} Kb7 {[%emt 0:00:15]} 68. Kf4 {[%emt 0:00:24]} Bh1 {[%emt 0:00:24]} 69. Bd4 {[%emt 0:00:53]} Bg2 {[%emt 0:00:11]} 70. e5 {[%emt 0:00:07]} Kc7 {[%emt 0:00:22]} 71. Kg5 {[%emt 0:00:06]} Be4 {[%emt 0:00:57]} 72. Kf6 {[%emt 0:00:21]} Kd7 {[%emt 0:01:17]} 73. e6+ {[%emt 0:00:37]} Ke8 {[%emt 0:00:18]} 74. Bc5 {[%emt 0:00:06]} Bd5 {[%emt 0:00:18]} 75. Kxg6 {[%emt 0:00:16]} Bf3 {[%emt 0:00:08]} 76. Kf6 {[%emt 0:00:49]} 1-0